Youtubeurs fr ayant les 10M d'abnnés - Statistiques

Statistiques générales
  • Ce quiz a été pris 5 068 fois
    487 depuis la dernière actualisation
  • Le résultat moyen est 4 sur 7
Statistiques - réponses
Nmb d'abonné Youtubeur % Correct
20 M Squeezie
94%
26,9 M Tibo InShape
92%
10,8 M Michou
79%
14,5 M Cyprien
76%
11,3 M Norman Fait Des Vidéos
69%
10,6M Furious Jumper
9%
11,9 Mayamystic
1%
Aucun quiz correspondant
Distribution des résultats
% des personnes avec chaque résultat
Percentile par nombre de réponses
Votre historique - résultats
Vous n’avez pas pris ce quiz depuis la dernière actualisation